Economics for engineers / (Record no. 80847)

MARC details
000 -LEADER
fixed length control field 00627nam a22002177a 4500
005 - DATE AND TIME OF LATEST TRANSACTION
control field 20140304124935.0
010 ## - LCCN (DPL NO)
LC control number ENG-108677
020 ## - INTERNATIONAL STANDARD BOOK NUMBER
International Standard Book Number 9789325968974
Terms of availability 225.00
035 ## - SYSTEM CONTROL NUMBER
System control number EN-92210
037 ## - SOURCE OF ACQUISITION
Source of stock number/acquisition DBAD/PUB
082 ## - DEWEY DECIMAL CLASSIFICATION NUMBER
Classification number 330
100 ## - MAIN ENTRY--PERSONAL NAME
Personal name Bhatia, H. L.
245 10 - TITLE STATEMENT
Title Economics for engineers /
Statement of responsibility, etc by H L Bhatia [and] S N Maheshwari
250 ## - EDITION STATEMENT
Edition statement 2nd ed
260 ## - PUBLICATION, DISTRIBUTION, ETC. (IMPRINT)
Place of publication, distribution, etc Noida
Name of publisher, distributor, etc Vikas Publishing House
Date of publication, distribution, etc 2013
270 ## - ADDRESS
Address E-28, Sector-8
City Noida
Postal code 201301
300 ## - PHYSICAL DESCRIPTION
Extent x,299p.
Dimensions 22cm(pbk)
490 ## - SERIES STATEMENT
Series statement Vikas-WBUT students' series
700 ## - ADDED ENTRY--PERSONAL NAME
Personal name Maheshwari, S. N.
942 ## - ADDED ENTRY ELEMENTS (KOHA)
Source of classification or shelving scheme Dewey Decimal Classification
Item type English Books
Call number suffix BHA
Classification part 330
Holdings
Withdrawn status Lost status Not for loan Collection code Home library Current library Date acquired Source of acquisition Cost, normal purchase price Full call number Barcode Copy number Cost, replacement price Koha item type
    Not For Loan Non-fiction D.B.Act.Division D.B.Act.Division 26/11/2013 DBAD/PUB 214.00 330 BHA EN-92210 1 214.00 English Books

© Delhi Public Library
Hit Counter
free hit counter